000 00266nam a22000977a 4500
999 _c11457
_d11457
008 190525b ||||| |||| 00| 0 eng d
020 _a9781599201115
100 _aPark Louis
_97178
245 _aNatural Disasters- (Earthquakes)
260 _aMinnesota
_bSmart Apple
_c2007